01394cam a22002655a 45000010009000000050017000090080041000260200018000670400069000850820019001541000021001732450174001942600048003683000035004165040051004515050332005026500033008346510010008676530025008777000023009027000023009259420008009489990017009569520155009731836617420161130142529.0141110t2015 enka frb 001 0 eng d a9780124115859 aZZXcZZXdBTCTAdBDXdOCLCFdYHMdEYMdCHVBKdDLCdEG-ScBUEbeng04a338.5222bELS1 aElsner, Wolfram.14aThe microeconomics of complex economies :bevolutionary, institutional, neoclassical, and complexity perspectives /cWolfram Elsner, Torsten Heinrich, Henning Schwardt. aOxford :bAcademic Press Elsevier,cc.2015. axxxi, 566 p. :bill. ,c25 cm. aIncludes bibliographical references and index.0 aBasics of the interdependent economy and its processes -- Markets : general-equilibrium theory and real-world market structures -- Further tools and the analysis of complex economies -- History of thought and contemporary models in complexity economics -- Further applications : information, innovation, policy and methodology. 7aMicroeconomics.2BUEsh95599 2BUEsh bBUSADMcNovember20161 aHeinrich, Torsten.1 aSchwardt, Henning. 2ddc c23396d23368 00102ddc40708BaccahaMAINbMAINc1STd2016-11-30ePurchaseg850.00h3637l2m4o338.5 ELSp000040159r2025-07-15 00:00:00s2019-10-19v1063.00yBB